000 00399 a2200169 4500
001 188483
020 _a978-85-7302-895-9
040 _cMagnum
100 _aVeríssimo, Luís Fernando
240 1 0 _aMais comédias para ler na escola
_lpor
245 1 0 _aMais comédias para ler na escola
300 _a148
362 0 _a2008
440 1 _aObjetiva
697 _aLITERATURA GERAL
942 _cBK
999 _c188483
_d188483